| 000 | 00886nam a22002775i 4500 | ||
|---|---|---|---|
| 999 |
_c7358 _d7358 |
||
| 001 | 21324953 | ||
| 003 | OSt | ||
| 005 | 20210715155900.0 | ||
| 008 | 191114t20192019fr 000 0 fre | ||
| 020 |
_a9782362200601 _q(paperback) |
||
| 035 | _a(Fr-PaAMA)AAL0830639-0001 | ||
| 040 |
_aDLC _bcat _cCDMR _erda |
||
| 100 | 1 | _aGoude, Jean-Paul. | |
| 245 | 1 | 0 |
_aJean-Paul Goude : _b100 images pour la liberté de la presse / _cJean-Paul Goude. |
| 264 | 1 |
_aParis : _bReporters sans frontières, _c2019. |
|
| 264 | 4 | _c©2019 | |
| 300 |
_a1 volum (no paginat) : _bil·lustracions ; _c29 cm. |
||
| 336 |
_atext _btxt _2rdacontent |
||
| 337 |
_asense mediació _bn _2rdamedia |
||
| 338 |
_avolum _bnc _2rdacarrier |
||
| 490 | 0 |
_aPour la liberté de la presse, _x1958-0797 |
|
| 650 | _0Fotografia documental | ||
| 650 | _0Llibertat d'informació | ||
| 942 |
_2udc _cMON |
||